[Event "AUTO-INT-3961"]
[Site "http://www.queenalice.com/game.php?id=1869716"]
[Date "2026.2.24"]
[Round "1"]
[White "zubarev"]
[Black "game"]
[Result "1-0"]
[WhiteElo "1679"]
[BlackElo "1586"]

1. d4 d5 2. Nc3 c6 3. Nf3 Bf5 4. e3 Bg4 5. Be2 h5 6. O-O Nf6 7. Ne5 Nbd7 8. f4
Nxe5 9. fxe5 Ne4 10. Nxe4 dxe4 11. Rf4 Qd5 12. b3 g5 13. Bc4 Qa5 14. Bxf7+ Kd8
15. Rxg4 hxg4 16. Bd2 Qd5 17. Bxd5 g3 18. Bxe4 Kc7 19. h3 Bg7 20. Qg4 Kb6 21.
Qxg5 Bh6 22. Qxe7 Raf8 23. Bb4 Rf2 24. Bc5+ Ka6 25. Bd3+ b5 26. Qxa7# 1-0

[Event "AUTO-ADV-4921"]
[Site "http://www.queenalice.com/game.php?id=1869794"]
[Date "2026.2.26"]
[Round "1"]
[White "fbenevides2019"]
[Black "game"]
[Result "1-0"]
[WhiteElo "1850"]
[BlackElo "1574"]

1. d4 c6 2. Nc3 d5 3. h3 Bf5 4. g4 Be6 5. Nf3 Bd7 6. e3 Nf6 7. Qe2 Ne4 8. Nxe4
dxe4 9. Nd2 e6 10. Nxe4 Be7 11. a3 O-O 12. Qd3 f5 13. gxf5 exf5 14. Nc3 f4 15.
exf4 Qc8 16. Qe2 Re8 17. Qh5 Bc5+ 18. Be3 Bxd4 19. Bd3 Bxe3 20. fxe3 Rxe3+ 21.
Ne2 Na6 22. Qxh7+ Kf7 23. O-O-O Qc7 24. f5 Kf6 25. Qg6+ Ke5 26. Qxg7+ Kd5 27.
Qd4# 1-0

[Event "AUTO-ADV-4921"]
[Site "http://www.queenalice.com/game.php?id=1869795"]
[Date "2026.2.26"]
[Round "1"]
[White "game"]
[Black "fbenevides2019"]
[Result "0-1"]
[WhiteElo "1596"]
[BlackElo "1820"]

1. e4 d5 2. Nc3 dxe4 3. Nxe4 e5 4. Bc4 Nf6 5. Ng5 Be6 6. Bb5+ c6 7. Ba4 Qd5 8.
N1f3 h6 9. Bb3 Qd6 10. Nxe6 fxe6 11. d3 Qc5 12. Be3 Qd6 13. O-O Be7 14. Nh4 Nbd7
15. a4 Nf8 16. Qf3 a6 17. Qg3 g5 18. Nf3 e4 19. Ne5 exd3 20. Rfd1 Ne4 21. Qf3
Qxe5 22. Rxd3 Nf6 23. Bd4 Qf4 24. Qe2 Rg8 25. Rad1 Qf5 26. Bxf6 Qxf6 27. Rd7
Nxd7 28. Rxd7 Kxd7 29. Qd2+ Kc8 30. Qe2 Rd8 31. Bxe6+ Kb8 32. g4 Qxb2 33. Kg2
Bd6 34. a5 Qb4 35. c4 Qxa5 36. Qd3 Qe5 37. Qh3 Qxe6 38. Qh5 Ka7 39. f3 Re8 40.
h3 Qe1 41. h4 Qg3+ 42. Kf1 Re1# 0-1

[Event "AUTO-ADV-4921"]
[Site "http://www.queenalice.com/game.php?id=1869812"]
[Date "2026.2.26"]
[Round "1"]
[White "game"]
[Black "kuntakinte"]
[Result "0-1"]
[WhiteElo "1652"]
[BlackElo "1712"]

1. e4 e5 2. Nf3 d6 3. Bc4 h6 4. d4 exd4 5. Nxd4 Nf6 6. O-O Be7 7. Nc3 Bg4 8. f3
Bh5 9. Be2 Bg6 10. Bd2 O-O 11. Bd3 Nc6 12. Ndb5 a6 13. Na3 Nd4 14. Nc4 d5 15.
Nxd5 Bc5 16. Kh1 c6 17. Nf4 b5 18. Ne5 Bd6 19. Nfxg6 fxg6 20. f4 Kh7 21. Nf3 Ne6
22. e5 Ng4 23. exd6 Qxd6 24. Qe2 Nxf4 25. Qe4 Rae8 26. Qb4 Qc7 27. Rfe1 Nf2+ 28.
Kg1 Qb6 29. Bxf4 Nxd3+ 30. Be3 Rxe3 31. Qg4 Rxe1# 0-1

[Event "AUTO-ADV-4921"]
[Site "http://www.queenalice.com/game.php?id=1869813"]
[Date "2026.2.26"]
[Round "1"]
[White "kuntakinte"]
[Black "game"]
[Result "1-0"]
[WhiteElo "1681"]
[BlackElo "1683"]

1. e4 Nc6 2. c3 e5 3. Nf3 Nf6 4. d3 d6 5. h3 Bd7 6. Bg5 Be7 7. Be3 d5 8. exd5
Nxd5 9. Qd2 O-O 10. Qc1 Bf6 11. Nbd2 Bh4 12. c4 Ndb4 13. d4 Re8 14. Be2 Bf6 15.
O-O exd4 16. Bxd4 Rxe2 17. Bxf6 gxf6 18. Qc3 Re6 19. a3 Na6 20. Nh4 Nc5 21. Nf5
Re2 22. Qg3+ Kf8 23. Qg7+ Ke8 24. Qg8# 1-0

[Event "AUTO-ADV-4921"]
[Site "http://www.queenalice.com/game.php?id=1869814"]
[Date "2026.2.26"]
[Round "1"]
[White "game"]
[Black "SGF"]
[Result "0-1"]
[WhiteElo "1622"]
[BlackElo "1716"]

1. d4 d5 2. e3 e6 3. Nc3 a5 4. Nf3 f6 5. Nb5 Bd7 6. Bd3 Bxb5 7. Bxb5+ c6 8. Ba4
Qb6 9. e4 Bb4+ 10. c3 dxe4 11. Nh4 g5 12. Qh5+ Ke7 13. Ng6+ hxg6 14. Qxh8 Nd7
15. Qg7+ Kd6 16. Bd2 g4 17. cxb4 axb4 18. Qxg6 Qxd4 19. Qxg4 Qxb2 20. Qf4+ e5
21. Bxb4+ Qxb4+ 22. Qd2+ Qxd2+ 23. Kxd2 Rxa4 24. Ke3 b5 25. Rad1+ Ke6 26. Rd2
Nc5 27. Rd8 Ra3+ 28. Ke2 Rxa2+ 29. Rd2 Rxd2+ 30. Kxd2 b4 31. Kc2 b3+ 32. Kb2 f5
33. h4 Kf6 34. Rc1 Nd3+ 35. Kb1 Nxc1 36. Kxc1 f4 37. Kb2 e3 38. fxe3 fxe3 39. g4
e2 40. Kxb3 e1=Q 41. h5 Kg5 42. Kc4 Qe4+ 43. Kc5 Qd5+ 44. Kb6 e4 0-1

[Event "AUTO-ADV-4921"]
[Site "http://www.queenalice.com/game.php?id=1869815"]
[Date "2026.2.26"]
[Round "1"]
[White "SGF"]
[Black "game"]
[Result "1-0"]
[WhiteElo "1698"]
[BlackElo "1636"]

1. e4 d6 2. Qf3 Be6 3. d3 Nc6 4. c3 g6 5. Be2 Ne5 6. Qg3 Nf6 7. h4 Nh5 8. Bxh5
gxh5 9. Bf4 Ng6 10. Bg5 d5 11. exd5 Qxd5 12. Nd2 Qb5 13. b3 O-O-O 14. a4 Qc5 15.
c4 Bg7 16. Ra2 Rd7 17. Ne4 Qb4+ 18. Nd2 Bc3 19. Ne2 Rhd8 20. O-O Bxd2 21. Bxd2
Qxb3 22. Nc1 Qb6 23. a5 Qc6 24. f3 Qc5+ 25. Qf2 Rd4 26. Be3 Ne5 27. Bxd4 Qd6 28.
Bxe5 Qxe5 29. Qxa7 Kd7 30. Re2 Qc3 31. Qc5 Ke8 32. Qxh5 Kd7 33. Qxh7 Rh8 34. Qe4
Qxa5 35. Qd4+ 1-0

[Event "AUTO-OPEN-4641"]
[Site "http://www.queenalice.com/game.php?id=1869918"]
[Date "2026.2.27"]
[Round "1"]
[White "Rafale2000"]
[Black "game"]
[Result "1-0"]
[WhiteElo "1981"]
[BlackElo "1538"]

1. e4 c5 2. Nf3 d6 3. d4 Bg4 4. Bb5+ Bd7 5. Bxd7+ Nxd7 6. Be3 Ngf6 7. Nc3 Qa5 8.
O-O e5 9. dxe5 dxe5 10. Qd2 Ng4 11. Bg5 c4 12. Rad1 Qc7 13. Nb5 Qc6 14. Nd6+
Bxd6 15. Qxd6 Qxd6 16. Rxd6 f6 17. Bc1 h5 18. h3 Ke7 19. Rfd1 Nh6 20. Rxd7+ Ke8
21. Bxh6 gxh6 22. Rxb7 Rf8 23. Rdd7 Rd8 24. Re7# 1-0

[Event "AUTO-OPEN-4641"]
[Site "http://www.queenalice.com/game.php?id=1869919"]
[Date "2026.2.27"]
[Round "1"]
[White "game"]
[Black "Rafale2000"]
[Result "0-1"]
[WhiteElo "1563"]
[BlackElo "1981"]

1. e4 Nf6 2. Nc3 d5 3. Nxd5 Nxd5 4. Bc4 Nb6 5. d3 Nxc4 6. dxc4 Qxd1+ 7. Kxd1 e5
8. Nf3 Bg4 9. Bg5 h6 10. Be3 Nc6 11. Kd2 O-O-O+ 12. Ke2 Nd4+ 13. Kf1 Nxc2 14.
Rc1 Nxe3+ 15. fxe3 f6 16. Kf2 Bxf3 17. gxf3 Rd2+ 18. Kg3 Rxb2 19. a4 Ra2 20.
Rcd1 Rxa4 21. Rd5 Rxc4 22. Rhd1 Be7 23. Kg4 Rd8 24. Ra1 Rxd5 25. Kf5 Rd8 26. Ke6
Bc5 27. h4 Rc3 28. Rg1 Rd7 29. Kf5 Rxe3 30. Ke6 Rxf3 31. Rc1 Re7+ 32. Kd5 Bb6
0-1

[Event "AUTO-OPEN-4641"]
[Site "http://www.queenalice.com/game.php?id=1869940"]
[Date "2026.2.27"]
[Round "1"]
[White "game"]
[Black "BeatifulDevil56"]
[Result "0-1"]
[WhiteElo "1550"]
[BlackElo "2209"]

1. e4 e6 2. Nf3 Qf6 3. Nc3 g5 4. e5 Qg7 5. Bd3 g4 6. Nd4 h5 7. Nce2 Qxe5 8. c3
Bc5 9. b4 Bxd4 10. f4 Qg7 11. cxd4 Nc6 12. Bb2 Nxb4 13. Nc1 f5 14. Rb1 Nd5 15.
Bc4 Nge7 16. Nd3 Qh6 17. g3 h4 18. Bb5 hxg3 19. Qe2 Nxf4 20. Qe3 Ng2+ 0-1

[Event "AUTO-OPEN-4641"]
[Site "http://www.queenalice.com/game.php?id=1869941"]
[Date "2026.2.27"]
[Round "1"]
[White "BeatifulDevil56"]
[Black "game"]
[Result "1-0"]
[WhiteElo "2234"]
[BlackElo "1559"]

1. a4 d5 2. b4 e5 3. c3 Nc6 4. b5 Na5 5. Ba3 Bd6 6. d4 Nc4 7. dxe5 Be7 8. Bxe7
Nxe7 9. Nf3 O-O 10. e3 Bf5 11. Bxc4 dxc4 12. Qxd8 Rfxd8 13. O-O Bd3 14. Rd1 Nf5
15. Na3 Be2 16. Rxd8+ Rxd8 17. Nd4 Nxd4 18. cxd4 f5 19. Re1 Bd3 20. Rc1 Rf8 21.
Nxc4 f4 22. e6 fxe3 23. fxe3 Re8 24. Ne5 Be4 25. Rxc7 h5 26. e7 a5 27. Nc4 g5
28. Nd6 Ra8 29. e8=Q+ Rxe8 30. Nxe8 h4 31. Nd6 Bd5 32. Nxb7 g4 33. Nxa5 Be4 34.
b6 h3 35. gxh3 gxh3 36. b7 Bxb7 37. Rxb7 Kf8 38. Nc6 Ke8 39. a5 Kf8 40. a6 Ke8
41. a7 Kf8 42. a8=R# 1-0

[Event "AUTO-OPEN-4641"]
[Site "http://www.queenalice.com/game.php?id=1869942"]
[Date "2026.2.27"]
[Round "1"]
[White "game"]
[Black "Caronte"]
[Result "0-1"]
[WhiteElo "1561"]
[BlackElo "2703"]

1. e4 c5 2. Nf3 Nc6 3. Bc4 e6 4. d4 d5 5. exd5 exd5 6. Bg5 f6 7. Bxf6 Nxf6 8.
Bb5 Be7 9. O-O O-O 10. Nc3 Kh8 11. Re1 Bg4 12. Qd3 Bxf3 13. Qxf3 cxd4 14. Na4
Ne4 15. Qg4 Nxf2 16. Qe6 Bd6 17. Qxd5 Bxh2+ 18. Kxh2 Qh4+ 19. Kg1 Qh1# 0-1

[Event "AUTO-ADV-4922"]
[Site "http://www.queenalice.com/game.php?id=1870088"]
[Date "2026.3.5"]
[Round "1"]
[White "game"]
[Black "SGF"]
[Result "1-0"]
[WhiteElo "1559"]
[BlackElo "1758"]

1. e4 e5 2. Nf3 Qf6 3. Bc4 d6 4. Nc3 c6 5. d3 Be7 6. d4 b5 7. dxe5 dxe5 8. Bd3
Bg4 9. Be2 h5 10. Bg5 Qg6 11. Qd2 Bxg5 12. Nxg5 f6 13. Qd6 Qxg5 14. Rd1 Nd7 15.
Qxc6 Rb8 16. Nxb5 Bxe2 17. Qxd7+ Kf8 18. Kxe2 Qg4+ 19. f3 Qxd7 20. Rxd7 Rxb5 21.
Rhd1 Rb8 22. Rd8+ Rxd8 23. Rxd8+ Ke7 24. Ra8 Kf7 25. c4 g5 26. b4 Kg7 27. Rxa7+
Kg6 28. Ra8 h4 29. h3 Kg7 30. c5 Ne7 31. Rxh8 Kxh8 32. b5 Kg7 33. c6 Nc8 34. Kd3
Kf7 35. Kc4 Ke6 36. Kc5 Ke7 37. a4 Kd8 38. b6 Ne7 39. Kd6 Nc8+ 40. Ke6 Nxb6 41.
a5 Nc4 42. a6 Kc7 43. Kxf6 Kxc6 44. a7 Kb7 45. g4 Kxa7 46. Kxg5 Nd2 47. Kf5 Nxf3
48. g5 Kb6 49. g6 Nd4+ 50. Kxe5 Nc6+ 51. Kf6 Kc5 52. g7 Kd4 53. g8=Q Kxe4 54.
Ke6 Kf4 55. Qg4+ Ke3 56. Qxh4 Nd4+ 57. Kd5 Nf3 58. Qh6+ Kf2 59. Qf4 Kg2 60. Qg4+
Kf2 61. Qf4 Kg2 62. Qf5 Kg3 63. Qg4+ Kf2 64. Ke4 Nd2+ 65. Kf4 Ke1 66. h4 Nf1 67.
h5 Nh2 68. Qg3+ Kf1 69. Qxh2 Ke1 70. Kf3 Kd1 71. Qf2 Kc1 72. Ke3 Kb1 73. Qf5+
Kc1 74. h6 Kd1 75. h7 Ke1 76. h8=Q Kd1 77. Qb1# 1-0

[Event "AUTO-ADV-4922"]
[Site "http://www.queenalice.com/game.php?id=1870089"]
[Date "2026.3.5"]
[Round "1"]
[White "SGF"]
[Black "game"]
[Result "1-0"]
[WhiteElo "1722"]
[BlackElo "1583"]

1. e4 b5 2. Qf3 c6 3. d3 f6 4. Be2 e5 5. Qg3 g5 6. h4 Ne7 7. hxg5 f5 8. Bh5+ Ng6
9. Qxe5+ Kf7 10. Bxg6+ hxg6 11. Rxh8 d6 12. Rh7+ Bg7 13. Qxg7+ Ke6 14. Qxg6+ Ke5
15. Nf3# 1-0

[Event "AUTO-ADV-4922"]
[Site "http://www.queenalice.com/game.php?id=1870090"]
[Date "2026.3.5"]
[Round "1"]
[White "game"]
[Black "mvson33"]
[Result "0-1"]
[WhiteElo "1577"]
[BlackElo "1848"]

1. e4 e5 2. Nf3 Nc6 3. d3 Nf6 4. Nc3 Be7 5. Be2 O-O 6. Bg5 d6 7. O-O Bg4 8. Nd5
Re8 9. h3 Bh5 10. Nxf6+ Bxf6 11. g4 Bg6 12. h4 h6 13. Bxf6 Qxf6 14. Kg2 Qe7 15.
Rh1 Rad8 16. h5 Bh7 17. g5 hxg5 18. h6 gxh6 19. Rxh6 Kg7 20. Qh1 Rh8 21. Qh5 Bg6
22. Qxg5 Rxh6 23. Qg4 Rdh8 24. Ng5 Rh2+ 25. Kg3 Rh1 26. Rxh1 Rxh1 27. c4 Rg1+
28. Kh3 Rxg4 29. Kxg4 Nd8 30. Nf3 Ne6 31. Nh4 Nf4 32. Bf3 Nxd3 33. Be2 Nf4 34.
Bd1 Qe6+ 35. Kg3 Qh3# 0-1

[Event "AUTO-ADV-4922"]
[Site "http://www.queenalice.com/game.php?id=1870091"]
[Date "2026.3.5"]
[Round "1"]
[White "mvson33"]
[Black "game"]
[Result "1-0"]
[WhiteElo "1871"]
[BlackElo "1563"]

1. e4 g5 2. d4 Bg7 3. Bxg5 Nf6 4. Nc3 d6 5. Nf3 c5 6. dxc5 O-O 7. cxd6 Qb6 8.
Rb1 Ng4 9. Qd2 exd6 10. Bc4 Bxc3 11. Qxc3 Qxf2+ 12. Kd1 Re8 13. Qd2 Rxe4 14.
Bxf7+ Kxf7 15. Qd5+ Re6 16. Qf5+ Rf6 17. Qxc8 Ne3+ 18. Kc1 Rxf3 19. gxf3 Qxf3
20. Rg1 b5 21. Qc7+ Kg6 22. Bxe3+ Kh5 23. Qxh7# 1-0

[Event "AUTO-ADV-4922"]
[Site "http://www.queenalice.com/game.php?id=1870092"]
[Date "2026.3.5"]
[Round "1"]
[White "game"]
[Black "zubarev"]
[Result "0-1"]
[WhiteElo "1545"]
[BlackElo "1763"]

1. e4 e5 2. Nf3 Nc6 3. Nc3 Be7 4. Nb5 d6 5. Bc4 Nf6 6. d3 Bd7 7. Ng5 O-O 8. Bd5
a6 9. Nc3 h6 10. Nh3 Nd4 11. Be3 c5 12. Bxb7 Ra7 13. Bd5 Nxd5 14. Nxd5 f5 15.
Qh5 Nxc2+ 16. Ke2 Nxa1 17. Rxa1 f4 18. Bd2 Bf6 19. Nxf6+ Qxf6 20. Bc3 Qf7 21.
Qxf7+ Rxf7 22. Kf3 g5 23. g4 Bb5 24. Rd1 Rfe7 25. Ba5 Rad7 26. Rc1 Bxd3 27. Rc3
Bb5 28. Ng1 Kf7 29. Kg2 d5 30. Rxc5 dxe4 31. Bb4 Re6 32. Rc8 Rd3 33. Rc7+ Kf6
34. Bf8 Rd7 35. Rc8 f3+ 36. Kg3 Kg6 37. Re8 Rxe8 0-1

[Event "AUTO-ADV-4922"]
[Site "http://www.queenalice.com/game.php?id=1870093"]
[Date "2026.3.5"]
[Round "1"]
[White "zubarev"]
[Black "game"]
[Result "1-0"]
[WhiteElo "1755"]
[BlackElo "1553"]

1. e4 c5 2. Nf3 Nc6 3. Be2 Nf6 4. O-O e5 5. d3 Nh5 6. Nxe5 Nf6 7. Nxc6 bxc6 8.
f4 Bd6 9. Be3 Bc7 10. Bxc5 Bb6 11. b4 d6 12. Be3 Bxe3+ 13. Kh1 a5 14. Qe1 Bd4
15. c3 Be3 16. d4 Nxe4 17. Bf3 Ba6 18. Qxe3 d5 19. Re1 O-O 20. Bxe4 dxe4 21. Nd2
axb4 22. c4 f5 23. Nb3 Bxc4 24. Nc5 Ra3 25. Qd2 Qh4 26. Qxb4 Rxa2 27. Qxc4+ Kh8
28. Qxa2 Qxf4 29. Ne6 Qd6 30. Nxf8 Qxf8 31. Qa8 Kg8 32. Qxf8+ Kxf8 33. Ra7 h5
34. Rb1 Kg8 35. Rbb7 Kh7 36. Rxg7+ 1-0

[Event "AUTO-OPEN-4642"]
[Site "http://www.queenalice.com/game.php?id=1870184"]
[Date "2026.3.7"]
[Round "1"]
[White "game"]
[Black "Pin"]
[Result "1-0"]
[WhiteElo "1566"]
[BlackElo "2037"]

1. e4 c5 2. Bc4 e6 3. Nf3 d5 4. Bb3 Nc6 5. exd5 exd5 6. d3 Nf6 7. O-O Bd6 8.
Re1+ Be6 9. Bxd5 O-O 10. Bc4 Bxc4 11. dxc4 Qc7 12. Nc3 a6 13. Ne4 Ng4 14. Nxd6
Rad8 15. Bf4 Qb6 16. b3 Rd7 17. c3 Rfd8 18. Qc2 g6 19. Rad1 Nb8 20. Qe4 Nf6 21.
Qe3 Ne8 22. Nxe8 Rxd1 23. Qe5 Rxe1+ 24. Nxe1 Nd7 25. Qg7# 1-0

[Event "AUTO-OPEN-4642"]
[Site "http://www.queenalice.com/game.php?id=1870221"]
[Date "2026.3.7"]
[Round "1"]
[White "EdsonEstevam"]
[Black "game"]
[Result "1-0"]
[WhiteElo "1798"]
[BlackElo "1572"]

1. e4 Nc6 2. d4 e5 3. d5 Nb4 4. Nc3 d6 5. Bb5+ Bd7 6. a3 Na6 7. Nf3 Nc5 8. Bd2
a6 9. Bxd7+ Qxd7 10. O-O Nf6 11. b4 Ncxe4 12. Re1 c6 13. Bg5 Nxc3 14. Qc1 Nfxd5
15. Nd2 Be7 16. Be3 Qf5 17. f3 Bh4 18. g3 Qg6 19. Kg2 f5 20. Nc4 f4 21. Bf2 O-O
22. Kh3 Bg5 23. g4 Ne3 24. Nxe3 fxe3 25. Bxe3 Rxf3+ 26. Kg2 Raf8 27. Bxg5 Rf2+
28. Kg1 Ne2+ 29. Rxe2 Rf1+ 30. Qxf1 Rxf1+ 31. Rxf1 Qxg5 32. h3 h5 33. Ref2 hxg4
34. Rf5 Qe3+ 35. R1f2 Qxh3 36. Rf8+ Kh7 37. Rh2 g5 38. Rxh3+ gxh3 39. Rf7+ Kg6
40. Rxb7 g4 41. Kh2 Kf5 42. Rb6 Kf4 43. Rxc6 Kf3 44. Rxd6 e4 45. Rf6+ Ke3 46. c4
Ke2 47. c5 e3 48. c6 Kd3 49. c7 e2 50. Rd6+ Ke3 51. Re6+ Kf3 52. c8=Q e1=Q 53.
Rxe1 g3+ 54. Kxh3 g2 55. Qf8# 1-0

[Event "AUTO-OPEN-4642"]
[Site "http://www.queenalice.com/game.php?id=1870222"]
[Date "2026.3.7"]
[Round "1"]
[White "game"]
[Black "EdsonEstevam"]
[Result "0-1"]
[WhiteElo "1585"]
[BlackElo "1790"]

1. d4 d5 2. Nf3 Nf6 3. e4 Nxe4 4. Ng5 Nxg5 5. Bxg5 h6 6. Bd2 Nc6 7. Bb5 Bd7 8.
O-O Nxd4 9. a4 Bxb5 10. axb5 e5 11. Na3 Bd6 12. Re1 O-O 13. Qg4 Kh7 14. Re3 g5
15. Rh3 Rg8 16. Qh5 Rg6 17. Qg4 Bc5 18. Re1 f6 19. Be3 Bxa3 20. Bxd4 Bd6 21. Bc3
d4 22. Bd2 Qe8 23. Rf3 Qxb5 24. Qe6 Rf8 25. Qf5 Qxb2 26. Qd7+ Rg7 27. Qf5+ Rg6
28. Rh3 b6 29. Bxg5 Be7 30. Bxh6 Rg8 31. Qd7 Rxh6 32. Qxe7+ Rg7 33. Qxf6 Rxh3
34. Qf5+ Kh8 35. Qxh3+ Kg8 36. g3 Qxc2 37. Rxe5 Qc1+ 38. Kg2 Qc6+ 39. Kg1 d3 40.
Rh5 d2 41. Qc8+ Kf7 42. Rf5+ Kg6 43. Qd8 Qc1+ 44. Kg2 Kxf5 45. Qf8+ Kg6 46. Qe8+
Kh7 47. Qe4+ Kh8 48. Qe8+ Kh7 49. Qe4+ Kh6 50. Qf4+ Rg5 51. h4 Qc6+ 52. Kh2 d1=Q
53. hxg5+ Kg6 54. Kh3 Qch1# 0-1

[Event "AUTO-OPEN-4643"]
[Site "http://www.queenalice.com/game.php?id=1870477"]
[Date "2026.3.13"]
[Round "1"]
[White "chessman"]
[Black "game"]
[Result "1-0"]
[WhiteElo "2011"]
[BlackElo "1565"]

1. e4 c6 2. d4 b5 3. Nf3 d5 4. Nc3 Bg4 5. exd5 cxd5 6. Bxb5+ Nd7 7. Nxd5 e6 8.
Nc3 Bb4 9. O-O Bxf3 10. Qxf3 Nf6 11. d5 exd5 12. Nxd5 Bd6 13. Nxf6+ gxf6 14.
Bxd7+ Qxd7 15. Qxf6 Rg8 16. Re1+ Be7 17. Bg5 Kf8 18. Rxe7 Rg6 19. Qxf7# 1-0